Guns in America: National Survey on Private Ownership and Use of Firearms
| Autores principales: | ; |
|---|---|
| Tipo de documento: | Electrónico Artículo |
| Lenguaje: | Inglés |
| Publicado: |
United States Department of Justice, National Institute of Justice
1997
|
| En: | Enthalten in: National Institute of Justice Research in Brief |
| Acceso en línea: |
Volltext (lizenzpflichtig) Volltext (lizenzpflichtig) Volltext (lizenzpflichtig) |
| Verificar disponibilidad: | HBZ Gateway |
MARC
| LEADER | 00000caa a22000002c 4500 | ||
|---|---|---|---|
| 001 | 1912570068 | ||
| 003 | DE-627 | ||
| 005 | 20250126055011.0 | ||
| 007 | cr uuu---uuuuu | ||
| 008 | 241217s1997 xx |||||o 00| ||eng c | ||
| 035 | |a (DE-627)1912570068 | ||
| 035 | |a (DE-599)KXP1912570068 | ||
| 040 | |a DE-627 |b ger |c DE-627 |e rda | ||
| 041 | |a eng | ||
| 084 | |a 2,1 |2 ssgn | ||
| 100 | 1 | |a Cook, Philip J. |d 1946- |e VerfasserIn |0 (DE-588)129561126 |0 (DE-627)47271872X |0 (DE-576)164456414 |4 aut | |
| 109 | |a Cook, Philip J. 1946- |a Cook, Philip 1946- | ||
| 245 | 1 | 0 | |a Guns in America: National Survey on Private Ownership and Use of Firearms |
| 264 | 1 | |b United States Department of Justice, National Institute of Justice |c 1997 | |
| 336 | |a Text |b txt |2 rdacontent | ||
| 337 | |a Computermedien |b c |2 rdamedia | ||
| 338 | |a Online-Ressource |b cr |2 rdacarrier | ||
| 700 | 1 | |a Ludwig, Jens |e VerfasserIn |4 aut | |
| 773 | 0 | 8 | |i Enthalten in |t National Institute of Justice Research in Brief |
| 787 | 0 | 8 | |i Forschungsdaten |a The Police Foundation |t National Study of Private Ownership of Firearms in the United States, 1994 |d [Erscheinungsort nicht ermittelbar] : [Verlag nicht ermittelbar], 1998 |w (DE-627)1840067446 |
| 856 | 4 | 0 | |u https://www.ncjrs.gov/App/Publications/abstract.aspx?ID=165476 |x Verlag |z lizenzpflichtig |3 Volltext |7 1 |
| 856 | 4 | 0 | |u http://www.ncjrs.gov/pdffiles/165476.pdf |q application/pdf |x Verlag |z lizenzpflichtig |3 Volltext |7 1 |
| 856 | 4 | 0 | |u http://www.ncjrs.gov/txtfiles/165476.txt |x Verlag |z lizenzpflichtig |3 Volltext |7 1 |
| 935 | |a mkri | ||
| 951 | |a AR | ||
| ELC | |a 1 | ||
| LOK | |0 000 xxxxxcx a22 zn 4500 | ||
| LOK | |0 001 4637535565 | ||
| LOK | |0 003 DE-627 | ||
| LOK | |0 004 1912570068 | ||
| LOK | |0 005 20241217044524 | ||
| LOK | |0 008 241217||||||||||||||||ger||||||| | ||
| LOK | |0 035 |a (DE-2619)ICPSR7051 | ||
| LOK | |0 040 |a DE-2619 |c DE-627 |d DE-2619 | ||
| LOK | |0 092 |o n | ||
| LOK | |0 852 |a DE-2619 | ||
| LOK | |0 852 1 |9 00 | ||
| LOK | |0 935 |a uvkn |a nacp | ||
| LOK | |0 939 |a 17-12-24 |b l01 | ||
| ORI | |a SA-MARC-krimdoka001.raw | ||
